Bunyans the Pilgrims Progress / (Record no. 11737)
[ view plain ]
| 000 -LEADER | |
|---|---|
| fixed length control field | 00388cam a2200157ua 4500 |
| 041 ## - LANGUAGE CODE | |
| Language code of text/sound track or separate title | eng |
| 082 ## - DEWEY DECIMAL CLASSIFICATION NUMBER | |
| Classification number | 828.09 |
| Item number | MUL/BU |
| 100 ## - MAIN ENTRY--AUTHOR NAME | |
| Personal name | Mullik, B.R . |
| 245 ## - TITLE STATEMENT | |
| Title | Bunyans the Pilgrims Progress / |
| 260 ## - PUBLICATION, DISTRIBUTION, ETC. (IMPRINT) | |
| Place of publication | : |
| Name of publisher | S.Chand and Co , |
| Year of publication | 1961. |
| 300 ## - PHYSICAL DESCRIPTION | |
| Number of Pages | 42 ; . |
No items available.
